LEADER 01464nam a2200205 i 4500 001 000000000673 003 CaOOAMICUS 005 20180830125433.0 008 180830n it u000 u ita u 040 $aSeMil$bita 100 1 $aJoćo : de Santo Thomaz .$0(OLS)http://semarc/name/532 245 10$aCursus Philosophicus Thomisticus secundum exactam, veram, genuinam Aristotelis et Doctoris Angelici mentem /$cIoannis a sancto Toma nova editio a p. Beato Reiser. 260 $aTaurini :$bEx officina domus editorialis Marietti 300 $av. ;$c28 cm. 700 1 $aReiser, Beato,$c.$0(OLS)http://semarc/name/533 774 0 $aJoćo : de Santo Thomaz $tArs logica seu De forma et materia ratiocinandi.$dTaurini : Ex officina domus editorialis Marietti, 1930.$g[1$w()71790 774 0 $aJoćo : de Santo Thomaz $tNaturalis philosophiae: 1. pars De ente mobili in communi, 3. pars De ente mobili corruptibili.$dTaurini : Ex officina domus editorialis Marietti, 1933.$g[2$w()71791 774 0 $aJoćo : de Santo Thomaz $tNaturalis philosophiae: 4. pars, De ente mobili animato.$dTaurini : Ex officina domus editorialis Marietti, 1937.$g[3$w()71792 996 $6245$aCursus Philosophicus Thomisticus secundum exactam, veram, genuinam Aristotelis et Doctoris Angelici mentem$9(OLS)http://semarc/title/977 996 $6260$aTaurini :$bEx officina domus editorialis Marietti$9(OLS)http://semarc/publisher/29954 LEADER 00744nam a2200181 i 4500 001 000000187188 003 CaOOAMICUS 005 20100329000000.0 008 100329s1936 xx u000 u lat u 013 $a165249 040 $aSeMil$bita 100 1 $aPrümmer, Dominikus Maria,$c.$0(OLS)http://semarc/name/10262 245 10$a2 /$cedidit Dominico M. Prümmer. 300 $aX, 566 p. 773 0 $aPrümmer, Dominikus Maria, $tManuale theologiae moralis secundum principia S. Thomae Aquinatis.$b8 ed.$dFriburgi Brisgoviae : Herder & Co., 1935-1936.$g2$w()23002 850 $aSeMil 852 $aSeMil$W1$xVenegono$y1$m2F III 48$j137875$B137875$CSeMilBibl$Z2$F149351 $81 996 $6245$a2$9(OLS)http://semarc/title/46890